Quiz Stade Rennais - Statistiques

Statistiques générales
  • Ce quiz a été pris 456 fois
  • Le résultat moyen est 4 sur 6
Statistiques - réponses
Question Réponse % Correct
Quelle est la vente la plus cher de l'histoire du SRFC ? Ousmane Dembélé
80%
Quel est l'achat le plus cher de l'histoire du SRFC ? Jérémy Doku
77%
Qui est le meilleur buteur du SRFC ? Jean Grumellon
73%
Qui est le joueur le plus capé du SRFC ? Yves Boutet
70%
Qui était l'entraineur du SRFC entre 2009 et 2013 ? Frédéric Antonetti
57%
Qui était le président du SRFC entre 2002 et 2006 ? Emmanuel Cueff
40%
Aucun quiz correspondant
Distribution des résultats
% des personnes avec chaque résultat
Percentile par nombre de réponses
Votre historique - résultats
Vous n’avez pas pris ce quiz